LEADER 02028oam 2200517zu 450 001 9910164705103321 005 20210807002118.0 010 $a0-8031-4973-5 035 $a(CKB)3170000000045307 035 $a(SSID)ssj0001489552 035 $a(PQKBManifestationID)11878122 035 $a(PQKBTitleCode)TC0001489552 035 $a(PQKBWorkID)11473304 035 $a(PQKB)11138550 035 $a(EXLCZ)993170000000045307 100 $a20160829d1986 uy 101 0 $aeng 181 $ctxt 182 $cc 183 $acr 200 00$aComposite materials : fatigue and fracture : a symposium sponsored by ASTM Committee D-30 on High Modulus Fibers and Their Composites, Dallas, TX, 24-25 Oct. 1984 210 31$a[Place of publication not identified]$cASTM$d1986 225 0 $aASTM special technical publication Composite materials 300 $aBibliographic Level Mode of Issuance: Monograph 311 $a0-8031-0470-7 517 $aComposite Materials 606 $aComposite materials$xFatigue$xCongresses 606 $aComposite materials$xFracture$xCongresses 606 $aChemical & Materials Engineering$2HILCC 606 $aEngineering & Applied Sciences$2HILCC 606 $aMaterials Science$2HILCC 615 0$aComposite materials$xFatigue$xCongresses 615 0$aComposite materials$xFracture$xCongresses 615 7$aChemical & Materials Engineering 615 7$aEngineering & Applied Sciences 615 7$aMaterials Science 676 $a620.1/183 702 $aHahn$b H. Thomas 712 02$aASTM Committee D-30 on High Modulus Fibers and Their Composites 712 02$aASTM Committee E-24 on Fracture Testing 712 12$aSymposium on Composite Materials: Fatigue and Fracture. 801 0$bPQKB 906 $aBOOK 912 $a9910164705103321 996 $aComposite materials : fatigue and fracture : a symposium sponsored by ASTM Committee D-30 on High Modulus Fibers and Their Composites, Dallas, TX, 24-25 Oct. 1984$92227124 997 $aUNINA LEADER 03423 am 2200745 n 450 001 9910324044503321 005 20180809 010 $a2-7535-6306-3 024 7 $a10.4000/books.pur.67551 035 $a(CKB)4100000008283820 035 $a(FrMaCLE)OB-pur-67551 035 $a(oapen)https://directory.doabooks.org/handle/20.500.12854/45599 035 $a(PPN)267958730 035 $a(EXLCZ)994100000008283820 100 $a20190523j|||||||| ||| 0 101 0 $afre 135 $auu||||||m|||| 181 $ctxt$2rdacontent 182 $cc$2rdamedia 183 $acr$2rdacarrier 200 14$aLes dynamiques des parcours sociaux $eTemps, territoires, professions /$fVincent Caradec, Servet Ertul, Jean-Philippe Melchior 210 $aRennes $cPresses universitaires de Rennes$d2018 215 $a1 online resource (274 p.) 311 $a2-7535-2058-5 330 $aLes parcours sociaux se trouvent aujourd'hui bouleversés. Ils ont été transformés en profondeur par un ensemble de dynamiques sociales puissantes : allongement de l'existence, désinstitutionnalisation du cours de vie, globalisation, processus de singularisation, accélération des changements sociaux. Aussi sont-ils désormais plus complexes, moins linéaires, moins standardisés, plus réversibles qu'ils ne l'étaient il y a quelques décennies. Fort de ce constat, cet ouvrage se propose de contribuer aux réflexions actuelles sur le concept de parcours social en donnant à voir comment les parcours sociaux contemporains se construisent à la croisée des contraintes sociétales et des choix individuels. Réunissant de riches études de cas, il approfondit l'analyse de trois dimensions clés des parcours sociaux ? leurs dynamiques temporelle, résidentielle et professionnelle ? tout en s'interrogeant sur les interactions entre ces différentes dimensions. 517 $adynamiques des parcours sociaux 606 $aSociology 606 $amutation sociale 606 $astructure sociale 606 $achangement social 610 $amutation sociale 610 $astructure sociale 610 $achangement social 615 4$aSociology 615 4$amutation sociale 615 4$astructure sociale 615 4$achangement social 700 $aAttias-Donfut$b Claudine$0141922 701 $aBaron$b Myriam$01315014 701 $aBonnet$b Lucie$01315015 701 $aCaradec$b Vincent$01238223 701 $aDanic$b Isabelle$01275914 701 $aDaverne$b Carole$01315016 701 $aDodier$b Rodolphe$01315017 701 $aD?Épinay$b Christian Lalive$01315018 701 $aErtul$b Servet$01315019 701 $aGoff$b Jean-Marie Le$01315020 701 $aLafabrègue$b Claude$01315021 701 $aLeray$b Frédéric$01315022 701 $aLevy$b René$0430224 701 $aMelchior$b Jean-Philippe$01315023 701 $aMorovich$b Barbara$01315024 701 $aPfirsch$b Thomas$01315025 701 $aSéchet$b Raymonde$01289512 701 $aTabé$b Arafat$01315026 701 $aTestenoire$b Armelle$01315027 701 $aVignal$b Cécile$01304548 701 $aCaradec$b Vincent$01238223 701 $aErtul$b Servet$01315019 701 $aMelchior$b Jean-Philippe$01315023 801 0$bFR-FrMaCLE 906 $aBOOK 912 $a9910324044503321 996 $aLes dynamiques des parcours sociaux$93032216 997 $aUNINA LEADER 03487nam 22006135 450 001 9910908372303321 005 20250807143256.0 010 $a9789819754373$b(electronic bk.) 010 $z9789819754366 024 7 $a10.1007/978-981-97-5437-3 035 $a(MiAaPQ)EBC31786580 035 $a(Au-PeEL)EBL31786580 035 $a(CKB)36601357800041 035 $a(DE-He213)978-981-97-5437-3 035 $a(OCoLC)1473256191 035 $a(EXLCZ)9936601357800041 100 $a20241119d2024 u| 0 101 0 $aeng 135 $aurcnu|||||||| 181 $ctxt$2rdacontent 182 $cc$2rdamedia 183 $acr$2rdacarrier 200 10$aBiochemical Techniques for Analyzing Protein-Lipid Interactions /$fedited by Ayyub Patel 205 $a1st ed. 2024. 210 1$aSingapore :$cSpringer Nature Singapore :$cImprint: Springer,$d2024. 215 $a1 online resource (183 pages) 225 0 $aBiomedical and Life Sciences Series 311 08$aPrint version: Patel, Ayyub Biochemical Techniques for Analyzing Protein-Lipid Interactions Singapore : Springer,c2024 9789819754366 327 $aChapter 1. Challenges and opportunities for analyzing protein-ligand interactions -- Chapter 2. The Landscape of Lipid Protein Interaction -- Chapter 3. NMR Spectroscopy -- Chapter 4. X-ray crystallography -- Chapter 5. Lipisome microarray based assay -- Chapter 6. protein-lipid overlay assay -- Chapter 7. Quantitative Analysis of Protein-Lipid Interactions Using Tryptophan Fluorescence -- Chapter 8. Liposome Sedimentation Assay -- Chapter 9. Affinity purification lipodomics -- Chapter 10. Advanced Techniques for Analyzing The Protein-Lipid Interactions. 330 $aThe book reviews cutting-edge advancements and their implications across various domains of molecular diagnostics. It covers foundational topics like protein-ligand interactions, lipid-protein interactions within biological membranes, and the application of NMR spectroscopy in understanding membrane structures. The book also explores advanced techniques such as X-ray crystallography, liposome microarray assays, and protein-lipid interaction studies. By integrating experimental and computational methods, it provides a comprehensive guide to understanding the complexities of molecular diagnostics, from basic principles to innovative approaches in drug discovery and therapeutic development. Each chapter offers detailed discussions on specific topics, supported by experimental data and methodological insights, making it an invaluable resource for researchers, clinicians, and students seeking to enhance their knowledge and expertise in molecular diagnostics. 606 $aBiology$xTechnique 606 $aAnalytical biochemistry 606 $aBiophysics 606 $aProteins 606 $aBiological Techniques 606 $aAnalytical Biochemistry 606 $aBiophysical Methods 606 $aProtein Biochemistry 615 0$aBiology$xTechnique. 615 0$aAnalytical biochemistry. 615 0$aBiophysics. 615 0$aProteins. 615 14$aBiological Techniques. 615 24$aAnalytical Biochemistry. 615 24$aBiophysical Methods. 615 24$aProtein Biochemistry. 676 $a570.28 700 $aPatel$b Ayyub$01775366 801 0$bMiAaPQ 801 1$bMiAaPQ 801 2$bMiAaPQ 912 $a9910908372303321 996 $aBiochemical Techniques for Analyzing Protein-Lipid Interactions$94289953 997 $aUNINA